000 00466cam a2200181ua 4500
020 _a81-7033-310-6
041 _aeng
_h
082 _a030.621
_bNAY/EN
100 _aNayar, N B.
245 _aEncyclopedia of surveying, mapping and remote sensign /
_cN B Nayar.
_hTextual Documents
250 _a1 /
_b.
260 _aNew Delhi :
_bRawat Publications ,
_c1996.
300 _a406 ; .
504 _a
650 _aEncyclopedea
942 _cBK
999 _c183
_d183